000 00274nam a2200121 i 4500
001 bg
245 0 _aNemecko-russkij slovar po raketnoj technike.
260 _aMoskva,
_c1950.
040 _cBPK
041 _apol
942 _cKS
008 s pl f |000 0 pol
999 _c26800
_d26800
856 _uhttp://koha.tu.koszalin.pl/cgi-bin/koha/opac-detail.pl?biblionumber=26800
_yKatalog online BPK